Návrh a implementácia algoritmov na redukciu množstva údajov prenášaných zariadeniami zapojenými v internete vecí : dátum obhajoby 30.8.2022
Gespeichert in:
| 1. Verfasser: | |
|---|---|
| Weitere Verfasser: | |
| Format: | Manuskript Buch |
| Sprache: | Slowakisch |
| Veröffentlicht: |
Bratislava :
STU v Bratislave FEI,
2022
|
| Schlagworte: | |
| Online-Zugang: | https://opac.crzp.sk/?fn=detailBiblioFormChildWEG6J&sid=F040104409DD56D181DDF4719B36&seo=CRZP-detail-kniha |
| Tags: |
Keine Tags, Fügen Sie das erste Tag hinzu!
|
MARC
| LEADER | 00000ntm a22000003a 4500 | ||
|---|---|---|---|
| 001 | stuzp66054 | ||
| 003 | SK-STU | ||
| 005 | 20231106133139.8 | ||
| 007 | ta | ||
| 008 | 150427s2015----xo-----f-mn---000-0-slo-d | ||
| 040 | |a STU |b slo | ||
| 041 | 0 | |a slo | |
| 044 | |a xo | ||
| 100 | 1 | |a Sokol, Ivan |u 031000 |4 aut |U FEI Fakulta elektrotechniky a informatiky |T FEI Ústav robotiky a kybernetiky |X 93441 |U E011 |Y 356 |7 93441 | |
| 242 | 0 | 1 | |a Design and implementation of algorithms to reduce the amount of data transmitted by devices involved in the Internet of Things |y eng |
| 245 | 1 | 0 | |a Návrh a implementácia algoritmov na redukciu množstva údajov prenášaných zariadeniami zapojenými v internete vecí : |b dátum obhajoby 30.8.2022 |
| 260 | |a Bratislava : | ||
| 260 | |b STU v Bratislave FEI, | ||
| 260 | |c 2022 | ||
| 300 | |a 106 s., |b Autoref. 2022, 29 s. | ||
| 500 | |a Len v elektronickej podobe | ||
| 650 | 4 | |a kompresia dát |2 slo | |
| 650 | 4 | |a ľahká kryptografia |2 slo | |
| 650 | 4 | |a Internet vecí |2 slo | |
| 650 | 4 | |a Internet of Things |2 eng | |
| 650 | 4 | |a data compression |2 eng | |
| 650 | 4 | |a lightweight cryptography |2 eng | |
| 700 | 1 | |a Hubinský, Peter |u 031000 |k Z1 |4 ths |U FEI Fakulta elektrotechniky a informatiky |T FEI Ústav robotiky a kybernetiky |X 4940 |U E011 |Y 356 |7 A000004940 | |
| 856 | 4 | |u https://opac.crzp.sk/?fn=detailBiblioFormChildWEG6J&sid=F040104409DD56D181DDF4719B36&seo=CRZP-detail-kniha | |